000 00427cam a2200145ua 4500
041 _aeng
_h
082 _a828.09
_bBEN/JA
100 _aBentley, Gerald Eades .
245 _aJacobean and caroline stage: dynmic companies and players Vol.I /
_cGerald Eades Bentley.
_hTextual Documents
260 _aLondon :
_bOxford at the Clarendon Press ,
_c1941.
300 _a342 ; .
504 _a
942 _cBK
999 _c12024
_d12024